[Event "Rapid"]
[Site "Aubervilliers FRA"]
[Date "2002.01.27"]
[Round "6"]
[White "Bacrot,E"]
[Black "Boudiba,M"]
[Result "1-0"]
[WhiteElo "2649"]
[BlackElo "2362"]

1.d4 Nf6 2.Nf3 d5 3.c4 e6 4.Nc3 c5 5.cxd5 Nxd5 6.e4 Nxc3 7.bxc3 cxd4 8.cxd4 Bb4+
9.Bd2 Bxd2+ 10.Qxd2 O-O 11.Bc4 Nd7 12.O-O Nf6 13.Bd3 b6 14.e5 Nd5 15.Ng5 h6
16.Ne4 Bb7 17.Nd6 Rb8 18.Rac1 f5 19.Bc4 Ba8 20.Bb3 Qh4 21.f3 a5 22.a4 Qe7
23.Bxd5 Bxd5 24.Rc3 Rfd8 25.Rfc1 Kh7 26.Qd3 Rxd6 27.exd6 Qxd6 28.Qe3 b5 29.axb5 Rxb5
30.Rc5 Qb6 31.Rxb5 Qxb5 32.Qe5 Qe8 33.Rc7 Qg6 34.Kf2 a4 35.Ra7 Bb3 36.h4 h5
37.Kg1 Bd1 38.Kh2 Bb3 39.Qf4 Qf6 40.Qg5 Qg6 41.Kg3 Qxg5+ 42.hxg5 Kg6 43.f4 Kh7
44.Kh4 Kg6 45.g3 Bd1 46.Kh3 Bb3 47.Kg2 Bd1 48.Kf2 Bb3 49.Ke3 h4 50.gxh4 Kh5  1-0

[Event "Coupe de France"]
[Site "Paris FRA"]
[Date "2002.05.25"]
[Round "1"]
[White "Hamdouchi,H"]
[Black "Bacrot,E"]
[Result "1/2-1/2"]
[WhiteElo "2570"]
[BlackElo "2653"]

1.e4 e5 2.Bc4 Nf6 3.d3 c6 4.Nf3 d5 5.Bb3 Bd6 6.exd5 cxd5 7.Bg5 Nc6 8.O-O d4
9.Re1 O-O 10.Nbd2 Re8 11.Bxf6 gxf6 12.Ne4 Be7 13.Qd2 Bf8 14.Nh4 f5 15.Ng5 Re7
16.Qd1 Qd6 17.Qh5 Qh6 18.Bxf7+ Kg7 19.Qxh6+ Kxh6 20.f4 exf4 21.Nhf3 Re3 22.Bd5 Bc5
23.Nh3 Ne7 24.Bb3 Ng6 25.Bf7 b6 26.Bd5 Rb8 27.a3 b5 28.Kf2 Bd7 29.Bf7 b4
30.a4 Bc6 31.Bxg6 hxg6 32.Ne5 Rxe1 33.Rxe1 Bxa4 34.Nxf4 Bxc2 35.Nd7 Bd6 36.Nxb8 Bxf4
37.Nc6 Bxd3 38.Nxd4 Be4 39.Nf3 a5 40.Ra1 Bc7 41.Ke2 Kh5 42.Rc1 Bd8 43.b3 g5
44.Rc5 g4 45.Nd2 Bxg2 46.Rxf5+ Kh4 47.Rf8 Bc7 48.Rf7 Bb8 49.Rh7+ Kg5 50.Nc4 Bh3
51.Nxa5 Bxh2 52.Nc6 Kg6 53.Rh8 Kg7 54.Rh5 g3 55.Ne5 g2 56.Rg5+ Kf6 57.Nf3  1/2-1/2

[Event "ch-FRA"]
[Site "Val d'Isere FRA"]
[Date "2002.08.19"]
[Round "1"]
[White "Bacrot,E"]
[Black "Degraeve,JM"]
[Result "1-0"]
[WhiteElo "2653"]
[BlackElo "2586"]

1.d4 Nf6 2.c4 g6 3.Nc3 Bg7 4.e4 d6 5.Nf3 O-O 6.Be2 e5 7.O-O a5 8.Bg5 h6 9.Bh4 Qd7
10.dxe5 dxe5 11.Qc1 Nh5 12.Rd1 Qe6 13.Nd5 Na6 14.c5 Nf4 15.Bc4 Nxd5 16.exd5 Qf5
17.Be7 Re8 18.d6 cxd6 19.cxd6 Bd7 20.Nh4 Qh5 21.Qe3 Nb4 22.Be2 Bg4 23.f3 Rxe7
24.dxe7 Qxh4 25.Qe4 Qxe7 26.fxg4 Bf6 27.a3 Nc6 28.Bc4 Kg7 29.Rac1 Nd4 30.Rf1 Rf8
31.Bd5 Rd8 32.Rf2 Ne6 33.Bxe6 Qxe6 34.g3 Qb6 35.Kg2 Rd4 36.Qc2 Rd7 37.Qc5 Qe6
38.Qc4 Qe7 39.Rcf1 Rd6 40.h4 g5 41.hxg5 hxg5 42.Qe4 Qd7 43.Rh1 Kf8 44.Rc1 Kg7
45.Qf5 Re6 46.Rc4 Qd5+ 47.Qe4 Qxe4+ 48.Rxe4 Rb6 49.Kf3 Rb5 50.Ree2 Bd8 51.Ke4 Bb6
52.Rf5 Bd4 53.Rxg5+ Kf6 54.Rf5+ Ke6 55.g5 a4 56.Rf6+ Ke7 57.Rc2  1-0

[Event "ch-FRA"]
[Site "Val d'Isere FRA"]
[Date "2002.08.20"]
[Round "2"]
[White "Bauer,Ch"]
[Black "Bacrot,E"]
[Result "0-1"]
[WhiteElo "2550"]
[BlackElo "2653"]

1.d4 d5 2.c4 c6 3.Nf3 Nf6 4.Nc3 a6 5.Bf4 dxc4 6.a4 Nd5 7.Qd2 Nxf4 8.Qxf4 Qd6
9.Qxd6 exd6 10.e4 Be6 11.d5 cxd5 12.exd5 Bf5 13.Nd4 Bg6 14.h4 h5 15.Kd2 Be7
16.Re1 Kd8 17.Bxc4 Bf6 18.Nb3 Nd7 19.Na5 Kc7 20.Bd3 Bxd3 21.Kxd3 Nc5+ 22.Kc2 Rae8
23.b4 Bxc3 24.Kxc3 Nxa4+ 25.Kd4 Nb6 26.Rc1+ Kb8 27.Rhe1 Nc8 28.Nc4 Rhf8 29.g3 g6
30.Kd3 Rxe1 31.Rxe1 Kc7 32.Kd4 Kd7 33.Na5 Ne7 34.Rb1 b5 35.Rc1 Rc8 36.Rxc8 Nxc8
37.Nb3 Kc7 38.f3 Ne7 39.g4 f5 40.g5 f4 41.Ke4 Kb6 42.Na5 Nf5 43.Kxf4 Nxh4
44.Nc6 Nf5 45.Ke4 h4 46.f4 h3 47.Kf3 Ne3  0-1

[Event "ch-FRA"]
[Site "Val d'Isere FRA"]
[Date "2002.08.21"]
[Round "3"]
[White "Bacrot,E"]
[Black "Fressinet,L"]
[Result "1-0"]
[WhiteElo "2653"]
[BlackElo "2619"]

1.d4 d5 2.c4 c6 3.Nf3 Nf6 4.Nc3 e6 5.Bg5 dxc4 6.e4 b5 7.e5 h6 8.Bh4 g5 9.Nxg5 hxg5
10.Bxg5 Nbd7 11.g3 Rg8 12.h4 Rxg5 13.hxg5 Nd5 14.g6 fxg6 15.Qg4 Qe7 16.Bg2 Kd8
17.Bxd5 cxd5 18.Qxg6 Rb8 19.Rh7 Qe8 20.Qxe8+ Kxe8 21.f4 b4 22.Ne2 Ba6 23.g4 c3
24.b3 Bd3 25.f5 Rb6 26.Nf4 Be4 27.Ke2 Be7 28.Rh8+ Kf7 29.fxe6+ Rxe6 30.Rf1 Ra6
31.e6+ Kg7 32.Re8 Rxa2+ 33.Ke3 Bg5 34.exd7 Rd2 35.Rxe4 dxe4 36.Kxe4 Be7 37.Nd5 Bg5
38.Nf6  1-0

[Event "ch-FRA"]
[Site "Val d'Isere FRA"]
[Date "2002.08.27"]
[Round "8"]
[White "Bacrot,E"]
[Black "Bricard,E"]
[Result "1-0"]
[WhiteElo "2653"]
[BlackElo "2454"]

1.d4 d6 2.Nf3 g6 3.c4 Bg7 4.Nc3 c5 5.d5 Bxc3+ 6.bxc3 f5 7.Qa4+ Kf8 8.h4 h6
9.Bf4 Nf6 10.e3 Nbd7 11.Bd3 Qc7 12.Qc2 b5 13.cxb5 c4 14.Be2 Nb6 15.Nd2 Nbxd5
16.Bh2 e5 17.Bxc4 Bb7 18.O-O Kg7 19.Bxd5 Bxd5 20.c4 Rac8 21.Rfc1 Nd7 22.a4 Be6
23.a5 g5 24.h5 Nc5 25.Rcb1 Rb8 26.Qb2 Kh7 27.b6 Qf7 28.Qc2 Rhc8 29.Nf3 axb6
30.Rxb6 Rxb6 31.axb6 Rb8 32.Ra7 Rb7 33.g4 Rxa7 34.bxa7 Qxa7 35.gxf5 Bf7 36.Qd1 Bxc4
37.Bxe5 dxe5 38.Nxe5 Bf7 39.Qd4 Nb3 40.Qxa7  1-0

[Event "ch-FRA"]
[Site "Val d'Isere FRA"]
[Date "2002.08.28"]
[Round "9"]
[White "Skripchenko,A"]
[Black "Bacrot,E"]
[Result "1/2-1/2"]
[WhiteElo "2497"]
[BlackElo "2653"]

1.e4 c5 2.Nf3 e6 3.c3 d5 4.exd5 Qxd5 5.d4 Nf6 6.Be2 Be7 7.O-O O-O 8.c4 Qd8
9.dxc5 Bxc5 10.Nc3 b6 11.a3 Bb7 12.b4 Be7 13.Be3 Nbd7 14.h3 Qc7 15.Nb5 Qb8
16.Qb3 e5 17.Rfd1 Re8 18.Rac1 a6 19.Nc3 e4 20.Nd4 Qe5 21.Rd2 Rac8 22.Rcd1 Nf8
23.Nc2 Rc6 24.Nd4  1/2-1/2

[Event "ECC"]
[Site "Halkidiki GRE"]
[Date "2002.09.24"]
[Round "3"]
[White "Ivanisevic,I"]
[Black "Bacrot,E"]
[Result "1/2-1/2"]
[WhiteElo "2550"]
[BlackElo "2653"]

1.c4 e5 2.g3 c6 3.d4 Bb4+ 4.Bd2 Bxd2+ 5.Qxd2 d6 6.Nc3 Nf6 7.Bg2 O-O 8.e3 Be6
9.b3 exd4 10.Qxd4 d5 11.cxd5 Nxd5 12.Nge2 Nxc3 13.Qxc3 Nd7 14.O-O Qe7 15.Nd4 Rfd8
16.Rfd1 Nf6 17.Rd2 Rd7 18.h3 Rad8 19.Rad1 c5 20.Nxe6 Rxd2 21.Rxd2 Rxd2 22.Qxd2 fxe6
23.g4 Ne8 24.Qc3 b6 25.Bc6 Nd6 26.Qe5 g6 27.Kg2 Nf7 28.Qb8+ Kg7 29.Bb5 Nd6
30.Ba6 h5 31.gxh5 gxh5 32.Kf1 e5 33.Qa8 Qf7 34.Qc6 Qe6 35.Ke1 Qg6 36.Qd7+ Kh6
37.Ke2 Qc2+ 38.Kf3 Qe4+ 39.Ke2 Qc2+ 40.Kf1 Qb1+ 41.Kg2 Qg6+ 42.Kf1 Qb1+  1/2-1/2

[Event "Olympiad"]
[Site "Bled SLO"]
[Date "2002.10.28"]
[Round "3"]
[White "Svetushkin,D"]
[Black "Bacrot,E"]
[Result "1/2-1/2"]
[WhiteElo "2505"]
[BlackElo "2653"]

1.d4 d5 2.Nf3 Nf6 3.c4 c6 4.Nc3 a6 5.c5 Nbd7 6.Bf4 Nh5 7.e3 g6 8.Bd3 Bg7
9.O-O O-O 10.Bg5 Re8 11.Nd2 Bf6 12.Bxf6 Nhxf6 13.f4 b6 14.b4 a5 15.a3 Ba6
16.Qe2 Bxd3 17.Qxd3 axb4 18.axb4 Qc7 19.Nf3 Qb7 20.h3 Rxa1 21.Rxa1 Ra8 22.Rxa8+ Qxa8
23.Qc2 b5 24.Ne5 Qa1+ 25.Kh2 Qe1 26.Nxc6 Ng4+ 27.hxg4 Qh4+ 28.Kg1 Qe1+  1/2-1/2

[Event "Olympiad"]
[Site "Bled SLO"]
[Date "2002.11.01"]
[Round "7"]
[White "Ljubojevic,L"]
[Black "Bacrot,E"]
[Result "1/2-1/2"]
[WhiteElo "2557"]
[BlackElo "2653"]

1.d4 d5 2.c4 c6 3.Nf3 Nf6 4.Nc3 a6 5.cxd5 cxd5 6.Bg5 Ne4 7.Bh4 Qa5 8.Qb3 e6
9.e3 Bb4 10.Bd3 Nxc3 11.a3 Nc6 12.O-O Qa4 13.Qxa4 Nxa4 14.axb4 Nxb2 15.Be2 Nc4
16.Bxc4 dxc4 17.b5 Na7 18.bxa6 b5 19.Nd2 e5 20.d5 h5 21.Ne4 Rh6 22.Nc5 b4
23.Bg3 h4 24.Bxe5 Rh5 25.Bd4 Nb5 26.Rfc1 Rxd5 27.Rxc4 Na3 28.Rcc1 Bxa6 29.Nxa6 Rxa6
30.Bc5 Ra4 31.h3 Rd3 32.Ra2 b3 33.Rxa3 b2 34.Rb1 Rdxa3 35.Bxa3 Rxa3 36.Rxb2 Ra1+
37.Kh2 Rf1 38.Rb4 Rxf2 39.Rxh4 Re2 40.Re4+ Kf8 41.Kg3 g6 42.Kf3 Re1 43.Ra4 Kg7
44.Ra8 Rf1+ 45.Kg3 Re1 46.Re8 Rf1 47.Re4 Re1 48.Kf2 Ra1 49.Re5 Kf6 50.Rd5 Ke6
51.Rb5 Kf6 52.h4 Rh1 53.g3 Kg7 54.e4 Kf6 55.Ra5 Rb1 56.Rd5 Rb3 57.Ra5 Rc3
58.Ra8 Rb3 59.Re8 Ra3 60.Kg2 Kg7 61.Kh3 Ra5 62.Kg4 f5+ 63.Kf4 fxe4 64.g4 g5+
65.hxg5 Ra1 66.Kxe4  1/2-1/2

[Event "National I"]
[Site "Drancy FRA"]
[Date "2003.02.01"]
[Round "2"]
[White "Rotstein,A"]
[Black "Bacrot,E"]
[Result "0-1"]
[WhiteElo "2544"]
[BlackElo "2671"]

1.c4 Nf6 2.Nc3 e5 3.g3 c6 4.Nf3 e4 5.Nd4 d5 6.cxd5 Qb6 7.e3 cxd5 8.Bg2 Nc6
9.d3 Bg4 10.Qa4 Bb4 11.Bd2 exd3 12.Qb5 Qxb5 13.Ncxb5 Nxd4 14.exd4 Bxd2+ 15.Kxd2 Kd7
16.Rac1 Rac8 17.Kxd3 Bf5+ 18.Kd2 a6 19.Nc3 Rc4 20.Ne2 Rhc8 21.Rxc4 dxc4 22.Nc3 b5
23.Re1 Rc7 24.h3 h5 25.Re5 g6 26.a3 Kd6 27.Nd5 Nxd5 28.Rxd5+ Ke7 29.Re5+ Be6
30.Kc3 Kd6 31.f4 f6 32.Re1 a5 33.Re3 Bd5 34.Bxd5 Kxd5 35.Re8 b4+ 36.axb4 axb4+
37.Kxb4 Rb7+ 38.Kc3 Rb3+ 39.Kc2 Rxg3 40.Rd8+ Ke4 41.d5 Kxf4 42.d6 Ke5 43.d7 Ke6
44.Rf8 Kxd7 45.Rxf6 g5 46.h4 gxh4 47.Rf5 Ke6 48.Rxh5 h3 49.Kd2 Kf6 50.Ke1 Kg6
51.Rh8 Kf5 52.Kf2 Rg2+ 53.Kf1 Kg4 54.Rc8 Kg3 55.Rg8+ Kh2 56.Rc8 Rc2 57.Rb8 Kg3
58.Rg8+ Kf3 59.Rf8+ Ke3 60.Re8+ Kd2 61.Rh8 Rxb2 62.Rxh3 Rb1+ 63.Kf2 c3  0-1

[Event "National I"]
[Site "Drancy FRA"]
[Date "2003.02.02"]
[Round "3"]
[White "Bacrot,E"]
[Black "Godard,M"]
[Result "1/2-1/2"]
[WhiteElo "2671"]
[BlackElo "2353"]

1.d4 d5 2.c4 c6 3.Nc3 Nf6 4.Nf3 a6 5.a4 e6 6.Bg5 Nbd7 7.a5 Bb4 8.Qa4 Be7
9.e3 h6 10.Bf4 O-O 11.c5 Nh5 12.O-O-O f6 13.Bg3 e5 14.b4 e4 15.Nh4 f5 16.Ng6 Nxg3
17.hxg3 Rf6 18.Nf4 Nf8 19.Qa2 Be6 20.f3 Bf7 21.g4 exf3 22.gxf3 fxg4 23.fxg4 Ne6
24.Nce2 Qe8 25.Qd2 Ng5 26.Ng3 Bd8 27.Bg2 Bc7 28.Rdf1 Qd7 29.Nf5 Re8 30.Kb2 Ne4
31.Qe1 Qd8 32.Kc2 Rf8 33.Qh4 Bxf4 34.Rxf4 Be6 35.Bxe4 dxe4 36.Kc3 Bxf5 37.Rxf5 Rxf5
38.Qxd8 Rxd8 39.gxf5 Kh7 40.Rh4 Rd5 41.Rxe4 Rxf5 42.Rh4 Rf1 43.e4 Rc1+ 44.Kd3 Rd1+
45.Kc4 Rc1+ 46.Kd3 Rd1+  1/2-1/2

[Event "Edda Rapid"]
[Site "Reykjavic ISL"]
[Date "2003.03.04"]
[Round "5"]
[White "Bacrot,E"]
[Black "Lautier,J"]
[Result "1/2-1/2"]
[WhiteElo "2671"]
[BlackElo "2670"]

1.d4 d5 2.Nf3 c6 3.c4 e6 4.Bg5 Be7 5.Bxe7 Qxe7 6.e3 Nf6 7.Nc3 O-O 8.Qc2 dxc4
9.Bxc4 c5 10.d5 exd5 11.Nxd5 Nxd5 12.Bxd5 Nd7 13.Rc1 Rb8 14.O-O Nf6 15.Rfd1 b6
16.Bc4 Bb7 17.Be2 Rfd8 18.Rxd8+ Rxd8 19.Rd1 Rxd1+  1/2-1/2

[Event "National I"]
[Site "Bordeaux FRA"]
[Date "2003.04.04"]
[Round "4"]
[White "Bacrot,E"]
[Black "Istratescu,A"]
[Result "1-0"]
[WhiteElo "2654"]
[BlackElo "2593"]

1.e4 g6 2.d4 Bg7 3.c4 Nc6 4.Nf3 d6 5.d5 Nb8 6.h3 e5 7.g4 c5 8.Nc3 Nf6 9.Be3 O-O
10.Be2 Ne8 11.a3 a5 12.Qd2 Na6 13.O-O-O Bd7 14.Rdg1 f6 15.h4 Rf7 16.Qd1 Nec7
17.g5 f5 18.h5 f4 19.Bd2 Bf8 20.Rh4 Rb8 21.hxg6 hxg6 22.Rgh1 Bg7 23.R1h2 Rf8
24.Qh1 Kf7 25.Rh7 Rh8 26.Rxh8 Bxh8 27.Nb5 Nxb5 28.cxb5 Nc7 29.Rh7+ Bg7 30.Rxg7+ Kxg7
31.Qh6+ Kf7 32.Qh7+ Kf8 33.Nh4 Ne8 34.Qh8+ Kf7 35.Nf5  1-0

[Event "National I"]
[Site "Bordeaux FRA"]
[Date "2003.04.05"]
[Round "5"]
[White "Rausis,I"]
[Black "Bacrot,E"]
[Result "1/2-1/2"]
[WhiteElo "2533"]
[BlackElo "2654"]

1.e4 e5 2.Nf3 Nf6 3.Nxe5 d6 4.Nf3 Nxe4 5.d4 d5 6.Bd3 Nc6 7.O-O Be7 8.c4 Nb4
9.Be2 Be6 10.Qa4+ Qd7 11.Qxd7+ Kxd7 12.Nc3 Rhd8 13.a3 Nxc3 14.Ne5+ Ke8 15.bxc3 Nc6
16.Nxc6 bxc6 17.cxd5 Bxd5 18.Re1 Kf8 19.Bf4 Bd6 20.Bxd6+ cxd6 21.Bd3 g6 22.f3 Rdb8
23.Reb1 Ke7  1/2-1/2

[Event "National I"]
[Site "Bordeaux FRA"]
[Date "2003.04.07"]
[Round "7"]
[White "Bacrot,E"]
[Black "Pujos,S"]
[Result "1/2-1/2"]
[WhiteElo "2654"]
[BlackElo "2335"]

1.Nf3 c5 2.e4 Nc6 3.d4 cxd4 4.Nxd4 g6 5.c4 Nf6 6.Nc3 d6 7.Nc2 Bg7 8.Be2 Nd7
9.O-O Bxc3 10.bxc3 Nc5 11.Bh6 f6 12.Nd4 Ne5 13.Qc2 Bd7 14.Rab1 Rc8 15.Bg7 Rg8
16.Bh6 Rh8 17.Be3 h5 18.f4 Nf7 19.Nb3 b6 20.Nxc5 dxc5 21.Rbd1 Qc7 22.Rd2 Bc6
23.Bf3 Rd8 24.Rxd8+ Qxd8 25.Qe2 Qa8 26.e5 Bxf3 27.Rxf3 Qe4 28.Rf2 f5 29.a4  1/2-1/2

[Event "National I"]
[Site "Clermont-Ferrand FRA"]
[Date "2003.05.09"]
[Round "9"]
[White "Flear,G"]
[Black "Bacrot,E"]
[Result "1/2-1/2"]
[WhiteElo "2509"]
[BlackElo "2654"]

1.d4 d6 2.e4 Nf6 3.Nc3 g6 4.Bg5 Bg7 5.f4 O-O 6.Qd2 a6 7.Bd3 Nc6 8.Nf3 Bg4
9.d5 Nb4 10.Be2 a5 11.O-O c6 12.a3 Na6 13.dxc6 bxc6 14.h3 Bxf3 15.Bxf3 Nd7
16.Kh1 Nb6 17.e5 d5 18.b3 Qc7 19.a4 f6 20.exf6 exf6 21.Bh4 f5 22.Rae1 Rae8
23.Ne2 Nc5 24.Qxa5 Ne4 25.Bf2 Nxf2+ 26.Rxf2 Re3 27.Rd1 Rfe8 28.c4 Rxb3 29.cxd5 cxd5
30.Bxd5+ Nxd5 31.Qxd5+ Qf7 32.Qxf7+ Kxf7 33.Ng1  1/2-1/2

[Event "National I"]
[Site "Clermont-Ferrand FRA"]
[Date "2003.05.10"]
[Round "10"]
[White "Vaisser,A"]
[Black "Bacrot,E"]
[Result "1/2-1/2"]
[WhiteElo "2563"]
[BlackElo "2654"]

1.d4 d5 2.c4 c6 3.Nc3 Nf6 4.cxd5 cxd5 5.Bf4 Nc6 6.e3 a6 7.Bd3 Bg4 8.Nge2 e6
9.Rc1 Be7 10.O-O Rc8 11.Bg5 Bxe2 12.Qxe2 O-O 13.Na4 Nd7 14.Bxe7 Nxe7 15.Qd2 b5
16.Rxc8 Qxc8 17.Rc1 Qb8 18.Nc5 Nxc5 19.Rxc5 Rc8 20.Qa5 Qb7 21.a4 Nc6 22.Qd2 bxa4
23.Qc2 g6 24.Qxa4 Nb8 25.b4 Kg7 26.g3 Rc6 27.Qc2 Qd7 28.Qc3 Rb6 29.e4 Qa4
30.exd5 exd5 31.Rxd5 Qxb4 32.Qxb4  1/2-1/2

[Event "It"]
[Site "Biel SUI"]
[Date "2003.07.23"]
[Round "3"]
[White "Pelletier,Y"]
[Black "Bacrot,E"]
[Result "1/2-1/2"]
[WhiteElo "2602"]
[BlackElo "2645"]

1.d4 d5 2.c4 c6 3.Nf3 Nf6 4.Nc3 a6 5.e3 b5 6.b3 Bg4 7.h3 Bxf3 8.gxf3 Nbd7
9.f4 e6 10.c5 Ne4 11.Nxe4 dxe4 12.Bg2 f5 13.f3 exf3 14.Bxf3 Rc8 15.a4 Nf6
16.axb5 axb5 17.Ra6 Qd7 18.Qd2 Be7 19.O-O O-O 20.Qg2 Nd5 21.Bd2 Ra8 22.Rfa1 Qb7
23.Rxa8 Rxa8 24.Qf1 Ra6 25.Qb1 g6 26.Kf1 Qa8 27.Rxa6 Qxa6 28.Ke1 Bd8 29.Kd1 Qa3
30.Kc2 Ba5 31.Bxd5 exd5 32.Bxa5 Qxa5 33.b4 Qa3 34.Kd2 Kg7 35.Ke2 Kf7 36.Qe1 Qa2+
37.Kf3 Qh2 38.Qf1 Qc2 39.Qa1  1/2-1/2

[Event "It"]
[Site "Biel SUI"]
[Date "2003.07.27"]
[Round "6"]
[White "Bacrot,E"]
[Black "Korchnoi,V"]
[Result "1-0"]
[WhiteElo "2645"]
[BlackElo "2628"]

1.e4 e5 2.Nf3 Nc6 3.Bb5 a6 4.Ba4 Nf6 5.O-O Be7 6.Re1 b5 7.Bb3 d6 8.c3 O-O
9.h3 Na5 10.Bc2 c5 11.d4 Qc7 12.Nbd2 cxd4 13.cxd4 Bd7 14.Nf1 Rac8 15.Ne3 Nc6
16.Bb3 Nxd4 17.Nxd4 exd4 18.Qxd4 Qc5 19.Qd3 Rfe8 20.Nf5 Bxf5 21.exf5 d5 22.Be3 Qb4
23.a3 Qe4 24.Qxe4 dxe4 25.a4 bxa4 26.Bxa4 Red8 27.Rac1 h6 28.Rxc8 Rxc8 29.Rc1 Rb8
30.b3 Nd5 31.Ba7 Ra8 32.Bd4 Bb4 33.Rc4 a5 34.Bc6 Rd8 35.g3 Bd2 36.Kf1 e3
37.Bxd5 Rxd5 38.f6 gxf6 39.fxe3 Rd6 40.Bc5 Rd5 41.Ke2 Kh7 42.Ba3 Bb4 43.Bxb4 axb4
44.Rxb4 h5 45.Rd4 Rg5 46.Kf3 Rb5 47.b4 f5 48.Ke2 Kg6 49.Kd3 Re5 50.h4 Kf6
51.Rf4 Kg6 52.Kd4 f6 53.Kc4 Rxe3 54.b5 Rxg3 55.b6 Rg1 56.Kb5  1-0

[Event "ch-FRA"]
[Site "Aix les Bains FRA"]
[Date "2003.08.18"]
[Round "1"]
[White "Bacrot,E"]
[Black "Skripchenko,A"]
[Result "1-0"]
[WhiteElo "2645"]
[BlackElo "2489"]

1.e4 c5 2.Nf3 Nc6 3.d4 cxd4 4.Nxd4 Nf6 5.Nc3 e5 6.Ndb5 d6 7.Nd5 Nxd5 8.exd5 Nb8
9.c4 Be7 10.Be2 O-O 11.O-O a6 12.Nc3 f5 13.f3 Bg5 14.Bxg5 Qxg5 15.Qc1 Qh4
16.b4 Nd7 17.Qe1 Qd4+ 18.Kh1 b5 19.Rd1 Qb6 20.cxb5 axb5 21.Bxb5 Ra3 22.Bc6 Ba6
23.b5 Bc8 24.Qd2 Nc5 25.Nb1 Ra4 26.Qb2 Qa5 27.a3 Qb6 28.Nd2 f4 29.Nb3 Bf5
30.Nxc5 Qxc5 31.b6 Qxa3 32.Qxa3 Rxa3 33.Ra1 Rb3 34.b7 e4 35.Rfb1  1-0

[Event "ch-FRA"]
[Site "Aix les Bains FRA"]
[Date "2003.08.21"]
[Round "4"]
[White "Bacrot,E"]
[Black "Vaisser,A"]
[Result "1-0"]
[WhiteElo "2645"]
[BlackElo "2571"]

1.e4 e6 2.d4 d5 3.Nc3 Bb4 4.e5 Ne7 5.a3 Bxc3+ 6.bxc3 c5 7.Qg4 O-O 8.Bd3 Nbc6
9.Qh5 Ng6 10.Nf3 Qc7 11.Be3 c4 12.Bxg6 fxg6 13.Qg4 Qf7 14.Ng5 Qe8 15.h4 h6
16.Nh3 Bd7 17.Qe2 b5 18.g4 a5 19.h5 gxh5 20.g5 hxg5 21.Nxg5 g6 22.O-O-O Qe7
23.Rdg1 Qxa3+ 24.Kd2 b4 25.Ne4 dxe4 26.Qxh5 Rxf2+ 27.Bxf2 Qxc3+ 28.Kd1 Qf3+
29.Qxf3 exf3 30.Rxg6+ Kf7 31.Rf6+ Ke7 32.Rh7+  1-0

[Event "ch-FRA"]
[Site "Aix les Bains FRA"]
[Date "2003.08.22"]
[Round "5"]
[White "Guidarelli,L"]
[Black "Bacrot,E"]
[Result "1/2-1/2"]
[WhiteElo "2392"]
[BlackElo "2645"]

1.e4 e5 2.Nf3 d6 3.Bc4 Be7 4.d4 exd4 5.Nxd4 Nf6 6.Nc3 O-O 7.O-O c6 8.Bb3 Na6
9.Qf3 Nc5 10.Nf5 Bxf5 11.Qxf5 b5 12.Be3 Qc8 13.Qxc8 Rfxc8 14.f3 Bd8 15.Rfd1 Bb6
16.Bf2 Nb7 17.Ne2 Bxf2+ 18.Kxf2 Kf8 19.c3 Nd7 20.Nd4 Ndc5 21.Nf5 Rd8 22.Rd4 g6
23.Ne3 a5 24.Bc2 Ke7 25.h4 Ne6 26.Rd2 Nbc5 27.Re1 b4 28.Nc4 Nc7 29.Red1 Nb5
30.Nxa5 Rxa5 31.cxb4 Rxa2 32.bxc5 Rxb2 33.cxd6+ Rxd6 34.Ke1 h6 35.Bd3 Rxd2
36.Rxd2 g5 37.hxg5 hxg5 38.Ke2  1/2-1/2

[Event "ch-FRA Playoff"]
[Site "Aix les Bains FRA"]
[Date "2003.08.30"]
[Round "1"]
[White "Lautier,J"]
[Black "Bacrot,E"]
[Result "0-1"]
[WhiteElo "2677"]
[BlackElo "2645"]

1.d4 d5 2.c4 c6 3.Nf3 Nf6 4.e3 a6 5.Bd3 Bg4 6.b3 e6 7.Nbd2 c5 8.O-O cxd4
9.exd4 Nc6 10.Bb2 Be7 11.Qe2 O-O 12.a3 dxc4 13.bxc4 Re8 14.Qe3 Bh5 15.Rfe1 Qc7
16.h3 Rad8 17.Rab1 Bd6 18.Ne5 Bxe5 19.dxe5 Nd7 20.f4 Bg6 21.Bxg6 hxg6 22.Ne4 Na5
23.Nd6 Nxc4 24.Nxe8 Rxe8 25.Qf2 Nc5 26.Red1 Na4 27.Ba1 Nxa3 28.Rbc1 Nc4 29.Qa7 Nab6
30.Bd4 Nd5 31.Bc5 b5 32.Qxc7 Nxc7 33.Rd7 Nd5 34.g3 Rc8 35.Bd4 a5 36.Ra7 a4
37.Kf2 Nb4 38.Ke2 Rd8 39.Bc3 Nd5 40.Ba5 Rb8 41.Be1 a3 42.Rc2 Nce3 43.Rc6 b4
44.Rca6 b3 45.Ra8 Rxa8 46.Rxa8+ Kh7 47.Rxa3 Nc2  0-1

[Event "ch-FRA Playoff"]
[Site "Aix les Bains FRA"]
[Date "2003.08.30"]
[Round "4"]
[White "Bacrot,E"]
[Black "Lautier,J"]
[Result "1-0"]
[WhiteElo "2645"]
[BlackElo "2677"]

1.d4 d5 2.Nf3 Nf6 3.c4 e6 4.Nc3 c6 5.Bg5 h6 6.Bxf6 Qxf6 7.e3 Nd7 8.Bd3 dxc4
9.Bxc4 g6 10.O-O Bg7 11.b4 O-O 12.Qb3 Qe7 13.Rac1 b6 14.a4 Bb7 15.Rfd1 Rab8
16.e4 Rfd8 17.b5 c5 18.d5 Nf8 19.a5 g5 20.h3 Kh8 21.a6 Ba8 22.Ne2 exd5 23.exd5 Ng6
24.Ng3 Nf4 25.Re1 Qf6 26.Rcd1 Re8 27.Rxe8+ Rxe8 28.d6 Rd8 29.d7 Nxh3+ 30.gxh3 Bxf3
31.Re1 Bf8 32.Re8 g4 33.Nh5 Qa1+ 34.Bf1  1-0

[Event "ch-Europe Internet Blitz"]
[Site "playchess.com INT"]
[Date "2003.11.09"]
[Round "1.3"]
[White "Bacrot,E"]
[Black "Belezky,S"]
[Result "1/2-1/2"]
[WhiteElo "2664"]
[BlackElo "2408"]

1.d4 Nf6 2.Nf3 g6 3.g3 Bg7 4.Bg2 d6 5.O-O O-O 6.Nc3 c6 7.e4 Qa5 8.h3 e5 9.Be3 Na6
10.a3 Qc7 11.Re1 exd4 12.Nxd4 Bd7 13.Bf4 Nh5 14.Be3 Nf6 15.g4 Nc5 16.Nde2 Rae8
17.Ng3 Bc8 18.Bd4 Ne6 19.Be3 Nc5 20.Qd2 Rd8 21.Rad1 b5 22.Bf4 Ne8 23.Bg5 Nf6
24.Bf4 Ne8 25.Bg5 Nf6 26.Bf4  1/2-1/2

[Event "ch-Europe Internet Blitz"]
[Site "playchess.com INT"]
[Date "2003.11.09"]
[Round "1.1"]
[White "Bacrot,E"]
[Black "Belezky,S"]
[Result "1-0"]
[WhiteElo "2664"]
[BlackElo "2408"]

1.d4 Nf6 2.Nf3 e6 3.c4 b6 4.Nc3 Bb7 5.Bg5 Bb4 6.e3 h6 7.Bh4 g5 8.Bg3 Ne4
9.Qc2 d6 10.Bd3 Bxc3+ 11.bxc3 f5 12.d5 exd5 13.cxd5 Bxd5 14.Nd4 O-O 15.Nxf5 Qe8
16.Nxh6+ Kg7 17.Ng4 Nd7 18.c4 Bc6 19.Qb2+ Ndf6 20.Nxf6 Nxf6 21.h4 Qh5 22.Be2 g4
23.Bf4 Rae8 24.Bg5 Re5 25.O-O-O Kg8 26.f3 Qg6 27.Bd3 Qf7 28.Rhf1 g3 29.Bf4 Rh5
30.Bxg3 b5 31.cxb5 Rb8 32.Bf4 Rc5+ 33.Kd2 Bxb5 34.a4 Qd5 35.axb5 Rcxb5 36.Qc3 Rb2+
37.Ke1 R8b3 38.Qc4 Rxd3 39.Qxd3 Qxd3 40.Rxd3 Rb1+ 41.Ke2 Rd1 42.Rfxd1  1-0

[Event "ch-Europe Internet Blitz"]
[Site "playchess.com INT"]
[Date "2003.11.09"]
[Round "2.2"]
[White "Rabiega,R"]
[Black "Bacrot,E"]
[Result "1/2-1/2"]
[WhiteElo "2522"]
[BlackElo "2664"]

1.e4 e5 2.Nf3 Nc6 3.Bc4 Be7 4.d3 d6 5.O-O Nf6 6.c3 O-O 7.a4 Kh8 8.h3 Ng8
9.d4 f5 10.exf5 Bxf5 11.dxe5 dxe5 12.Qxd8 Raxd8 13.Be3 Nf6 14.Bb5 Na5 15.b4 Nb3
16.Ra3 a6 17.Be2 Na5 18.Nxe5 Bd6 19.Nc4 Nxc4 20.Bxc4 a5 21.Rb3 axb4 22.cxb4 Bc2
23.Rb2 Bxa4 24.Nc3 Bd7 25.Bc5 Bxc5 26.bxc5 Bc6 27.Bb5 Rd4 28.Bxc6 bxc6 29.Rb7 Rc4
30.Nd1 Nd5 31.Ne3 Rxc5 32.Re1 h6 33.Nxd5 cxd5 34.Re7 Rc8 35.Rd7 Kh7 36.g4 Kg6
37.Kg2 Kf6 38.h4 g5 39.h5 Ke5 40.Kg3 Rc6 41.Rb2 Rd6 42.Re2+ Kd4 43.Rxd6 cxd6
44.Re6 Rh8 45.Rxd6 Kc4 46.f4 gxf4+ 47.Kxf4 d4 48.g5 hxg5+ 49.Kxg5 d3 50.h6 Kc3
51.Kg6 d2 52.Kg7 Rxh6 53.Kxh6 Kc2 54.Kg5 d1=Q 55.Rxd1 Kxd1  1/2-1/2

[Event "ch-Europe Internet Blitz"]
[Site "playchess.com INT"]
[Date "2003.11.09"]
[Round "2.4"]
[White "Rabiega,R"]
[Black "Bacrot,E"]
[Result "0-1"]
[WhiteElo "2522"]
[BlackElo "2664"]

1.e4 e5 2.Nf3 Nc6 3.Bc4 Be7 4.d3 d6 5.O-O Nf6 6.Re1 O-O 7.Nbd2 Be6 8.a4 a6
9.c3 Qd7 10.Nf1 Bxc4 11.dxc4 Nd8 12.Ng3 Ne6 13.Nf5 g6 14.Nxe7+ Qxe7 15.a5 Nh5
16.Bh6 Nhg7 17.Qd5 Rab8 18.Rad1 Kh8 19.b4 Rfd8 20.h3 f6 21.Be3 Nh5 22.g3 Nhg7
23.Qd2 f5 24.exf5 Nxf5 25.Bg5 Nxg5 26.Nxg5 Rf8 27.Ne4 Rbd8 28.Qe2 Ng7 29.Rd5 c6
30.Rd2 d5 31.Nc5 e4 32.cxd5 cxd5 33.Red1 Nf5 34.Rxd5 Rxd5 35.Rxd5 e3 36.Rd7 Qe5
37.Rd3 Qe7 38.g4 exf2+ 39.Qxf2 Nh4 40.Qd4+ Kg8 41.Qd5+ Kh8 42.Qe6 Qg5 43.Qe3 Nf3+
44.Kh1 Qh4 45.Qxf3 Rxf3 46.Rxf3 Qe1+ 47.Kg2 Qe2+ 48.Kg3 Qe5+ 49.Kf2 Qd5 50.Re3 Kg7
51.Ne4 Qa2+ 52.Kf3 Qd5 53.g5 h6 54.h4 Qf5+ 55.Kg3 Qe5+ 56.Kf3 Qf5+ 57.Ke2 Qg4+
58.Kd3 Qxh4 59.gxh6+ Kxh6 60.Nd6 Qd8 61.Re6 Qd7 62.Rf6 Kg5  0-1

[Event "ch-Europe Internet Blitz"]
[Site "playchess.com INT"]
[Date "2003.11.09"]
[Round "3.1"]
[White "Bacrot,E"]
[Black "Panarin,M"]
[Result "1-0"]
[WhiteElo "2664"]
[BlackElo "2424"]

1.d4 Nf6 2.Nf3 c5 3.d5 e6 4.c4 exd5 5.cxd5 d6 6.Nc3 g6 7.e4 Bg7 8.h3 O-O
9.Bd3 b5 10.Bxb5 Nxe4 11.Nxe4 Qa5+ 12.Nfd2 Qxb5 13.Nxd6 Qa6 14.N2c4 Rd8 15.Bf4 Nd7
16.O-O Nb6 17.Nxb6 Qxb6 18.Nxc8 Raxc8 19.Rb1 c4 20.d6 Qb5 21.Qd2 Be5 22.Bxe5 Qxe5
23.d7 Rc7 24.Rbe1 Qb5 25.Re8+ Rxe8 26.d8=Q  1-0

[Event "ch-Europe Internet Blitz"]
[Site "playchess.com INT"]
[Date "2003.11.09"]
[Round "3.3"]
[White "Bacrot,E"]
[Black "Panarin,M"]
[Result "1-0"]
[WhiteElo "2664"]
[BlackElo "2424"]

1.d4 Nf6 2.Nf3 e6 3.c4 b6 4.g3 Bb7 5.Bg2 c5 6.d5 exd5 7.Nh4 b5 8.cxd5 d6
9.O-O g6 10.a4 b4 11.e4 Bg7 12.Re1 O-O 13.Nd2 a5 14.Qc2 Nbd7 15.Nhf3 Nb6
16.Nc4 Nxc4 17.Qxc4 Ba6 18.Qc2 Nd7 19.Bf4 Qb6 20.e5 dxe5 21.Nxe5 Nxe5 22.Bxe5 Rae8
23.Bxg7 Kxg7 24.b3 Qd6 25.h4 h6 26.Rac1 Rxe1+ 27.Rxe1 Rc8 28.Qb2+ Qf6 29.Qxf6+ Kxf6
30.d6 c4 31.Bf1 Rd8 32.Rd1 Ke6 33.bxc4 Rxd6 34.Re1+ Kd7 35.c5 Rc6 36.Bh3+ f5
37.h5 Rxc5 38.hxg6 b3 39.g7 Bc4 40.Rc1 b2 41.Rb1 Bd5 42.Rxb2 Rc1+ 43.Bf1 Bc4
44.Rc2 Rxf1+ 45.Kg2 Rb1 46.Rxc4 Rb8 47.Rc5 Ke6 48.Rxa5 Kf6 49.Ra7 Kg6 50.a5 Kh7
51.Rf7 Rb5 52.a6 Kg8 53.a7 Kxf7 54.a8=Q Kxg7 55.Qa7+ Kg8 56.Qa2+ Kg7 57.Qa7+ Kg8
58.Qd7 Re5 59.Qd6 Re4 60.Qg6+ Kh8 61.Qxh6+ Kg8 62.Qg6+ Kh8 63.Qxf5 Re7 64.Qf6+ Rg7
65.Qxg7+  1-0